000 02125nam2a2200301 4500
001 RU\NLR\BIBL_A\012284720
005 20250624010035.0
035 _a(NLR Aleph) 012284720
090 _a11236743
_c11236743
100 _a20200703d2019 |||y0rusy50 ca
101 0 _arus
_deng
102 _aRU
105 _aa z 000yy
200 1 _aПерспективные цифровые технологии в виноградстве и виноделии
_dPromising digital technologies in viticulture and winemaking
_eматериалы Международной научной конференции "Перспективные цифровые технологии в виноградстве и виноделии" (18-20 сентября 2019 г.)
_zeng
210 _d2019
_aБ. м.
215 _a120 c.
_cил.
_d29
300 _aРез. на англ. яз.
320 _aБиблиогр. в конце ст.
461 0 _1001RU\NLR\INFOCOMM55\1000110990
_12001#$aНаучные труды$fСев.-Кавк. зон. науч.-исслед. ин-т садоводства и виноградарства$vТ. 24
_94476163
_aСеверо-Кавказский зональный НИИ садоводства и виноградарства (Краснодар)
_cКраснодар
_d1972, 2014 - 2017
_fСев.-Кавк. зон. науч.-исслед. ин-т садоводства и виноградарства
_nКраснодар. кн. изд-во
_tНаучные труды
_vТ. 24
510 1 _aPromising digital technologies in viticulture and winemaking
_zeng
606 _aВиноделие
_jСъезды, совещания и т.п
_xИнформационные технологии
_92435336
_3RU\NLR\AUTH\6601667286
686 1 _aЛ874-5-05я431(0)
710 1 2 _a"Перспективные цифровые технологии в виноградарстве и виноделии", международная научная конференция
_eКраснодар
_f2019
_9689929
_3RU\NLR\AUTH\880514649
852 _aNLR
_jП13/1409
942 _cISSUE
980 _aNB
980 _aRUSPER